000 00269nam a2200121Ia 4500
005 20251222155051.0
008 251222s9999||||xx |||||||||||||| ||spa||
082 _aMAN.137
100 _aSin autor
245 0 _aContabilidad general
264 _bNo tiene
942 _cLIB
999 _c37285
_d37285